000 00799nam a2200253Ia 4500
003 IN-BaIIA
008 211028s9999 xx 000 0 eng d
020 _a90-277-2744-9
040 _cIIA Library
080 _a082.2:52
_bIAU-S130
245 0 _aLarge scale structures of the universe
_cedited by Jean Audouze, Mariechristine Pelletan and Alex Szalay
260 _aDordrecht
_bKluwer Academic
_c1988
300 _axxiii, 619p.
490 _aIAU symposium; no. 130
650 _aAstronomy and Astrophysics thesaurus
650 _aCosmology
650 _aGalaxies
_91286
650 _aInfrared astronomy
_95673
650 _aRadio astronomy
_92849
700 _aAudouze, Jean ed.
_99795
700 _aPelletan, Mariechristine ed.
_915791
700 _aSzalay, Alex ed.
_915792
942 _cBK
999 _c9381
_d9381